000
00311 a2200109 4500
001
ART_41740
005
20260410161806.0
008
260409a
245
1
0
_a
La ley de blanqueo
100
1
_a
Camerini, Marcelo A.
773
0
_t
Doctrina Societaria y Concursal
_g
- NÂș 308 (jul. 2013)
_w
REV4298
999
_c
20979
_d
20979